Bài tập kế toán chi phí ( Có lời giải mẫu )

Wedi'i Gadw mewn:
Manylion Llyfryddiaeth
Prif Awdur: Phạm, Văn Dược
Fformat: Llyfr
Iaith:Undetermined
Cyhoeddwyd: Hà Nội Thống Kê 2002
Pynciau:
Tagiau: Ychwanegu Tag
Dim Tagiau, Byddwch y cyntaf i dagio'r cofnod hwn!
Thư viện lưu trữ: Trung tâm Học liệu Trường Đại học Cần Thơ
LEADER 00642nam a2200217Ia 4500
001 CTU_51227
008 210402s9999 xx 000 0 und d
020 |c 24000 
082 |a 657.42076 
082 |b D557 
100 |a Phạm, Văn Dược 
245 0 |a Bài tập kế toán chi phí 
245 0 |b ( Có lời giải mẫu ) 
245 0 |c Phạm Văn Dược, Đào Tất Thắng 
260 |a Hà Nội 
260 |b Thống Kê 
260 |c 2002 
650 |a Cost accounting 
650 |x Problems, exercises, etc 
904 |i Tuyến 
980 |a Trung tâm Học liệu Trường Đại học Cần Thơ